000 003360000a22001450004500
020 _a84-7640-173-6
082 0 4 _aB I Ed11a
245 1 0 _aAnimalfabeto, il. Mario Gomboli
260 _aMadrid : Edaf
300 _a[20 P.]
500 _aDe cada letra hay un verso en rima
650 1 4 _aLiteratura Infantil
001 366
942 _cLGB
999 _c47611
_d47611